000 00621nam a2200193 i 4500
001 83852
003 ES-MaACL
005 20230906174914.0
007 t|
008 041118s1909 fr ||||1| fre d
100 1 _aIoteyko, J.
_965383
245 1 3 _aLa fonction musculaire /
_cJ. Ioteyko.
260 _aParis :
_bOctave Doin et Fils,
_c1909 (
_eDijon :
_fDarantiére)
300 _a420 p. :
_bil. ;
_c18 cm.
490 1 _aEncyclopédie scientifique. Bibliothèque de physiologie
830 0 _aEncyclopédie scientifique. Bibliothèque de physiologie
_9181781
852 _aES-MaACL
_jD-4318
999 _c83852
_d83852